[Event "SV Heiden 2 - SC Hiltrup 1"]
[Site "Verbandsklasse 2019/2020"]
[Date "2019.12.07"]
[Round "4.1"]
[White "Kammers, Heribert"]
[Black "Wienen, Josef"]
[Result "1-0"]
[WhiteElo "1941"]
[BlackElo "1609"]
[PlyCount "119"]
[EventDate "2019.??.??"]
[SourceDate "2019.09.20"]

1. g4 h5 2. g5 e5 3. d3 h4 4. Nf3 d6 5. c4 h3 6. Rg1 Bf5 7. Qb3 Qc8 8. Nc3 Nd7
9. Be3 Ne7 10. O-O-O c6 11. Kb1 b6 12. Ne4 Qc7 13. Ka1 Rc8 14. Nfd2 d5 15. cxd5
cxd5 16. Ng3 d4 17. Nxf5 Nxf5 18. g6 Nc5 19. gxf7+ Qxf7 20. Qxf7+ Kxf7 21. Bg5
Ne6 22. Nc4 Nxg5 23. Rxg5 Kf6 24. Rg1 b5 25. Nd2 Bb4 26. Ne4+ Ke7 27. a3 Ba5
28. Ng5 Rc2 29. Kb1 Rc6 30. Bxh3 g6 31. Bg2 Rc7 32. h3 Rh4 33. Nf3 Rh5 34. Rc1
Ke6 35. Rxc7 Bxc7 36. Rc1 Bb6 37. Rc6+ Nd6 38. Nd2 Kd7 39. Rc2 Rg5 40. Bf3 Rg1+
41. Ka2 a5 42. Bg4+ Kd8 43. Nf3 Rg2 44. Nxe5 Rxf2 45. Nxg6 Nf5 46. Rc6 Bc7 47.
Rf6 Ne7 48. Rxf2 Nxg6 49. Rf5 Ne5 50. Bf3 Ke7 51. h4 Ke6 52. Rf8 Ng6 53. Rc8
Kd7 54. Bg4+ Kc6 55. h5 Ne5 56. Bf3+ Kd7 57. Rg8 Ke6 58. h6 Nf7 59. Rg7 Be5 60.
Bd5+ 1-0

[Event "SV Heiden 2 - SC Hiltrup 1"]
[Site "Verbandsklasse 2019/2020"]
[Date "2019.12.07"]
[Round "4.2"]
[White "Dolle, Stephan"]
[Black "Junk, Phillip"]
[Result "0-1"]
[WhiteElo "1774"]
[BlackElo "1922"]
[PlyCount "124"]
[EventDate "2019.??.??"]
[SourceDate "2019.09.20"]

1. d4 d5 2. c4 e6 3. Nc3 c5 4. Nf3 Nc6 5. e3 cxd4 6. exd4 Nf6 7. Bg5 dxc4 8.
Bxc4 Be7 9. O-O O-O 10. a3 a6 11. b4 b5 12. Be2 Bb7 13. Be3 Rc8 14. Rc1 Nd5 15.
Qd3 Nxc3 16. Rxc3 Qd5 17. Rd1 Rfd8 18. Ne1 Na7 19. Bf3 Qd7 20. Bxb7 Qxb7 21.
Rxc8 Nxc8 22. Qc2 Nb6 23. Nd3 Nc4 24. Qb3 Qd5 25. Nf4 Qc6 26. Rd3 Bg5 27. Ne2
Bf6 28. h3 g6 29. Nf4 Qe4 30. Ne2 Rc8 31. Ng3 Qd5 32. Ne2 Nb6 33. Qxd5 Nxd5 34.
Kf1 Kf8 35. Ke1 Rc2 36. Kd1 Rc4 37. Kd2 Ke7 38. Nc3 Nxc3 39. Rxc3 Rxc3 40. Kxc3
Kd6 41. f4 Bh4 42. g4 Kd5 43. Kd3 Be1 44. Bg1 a5 45. bxa5 Bxa5 46. Be3 Bd8 47.
Bd2 Bc7 48. Be3 Bd6 49. Bc1 h6 50. h4 h5 51. g5 Be7 52. Bb2 f6 53. Bc1 fxg5 54.
fxg5 Bd6 55. Be3 Bxa3 56. Bf2 Bd6 57. Be1 Bf4 58. Bf2 b4 59. Be1 b3 60. Kc3 b2
61. Kxb2 Kxd4 62. Kc2 Ke4 0-1

[Event "SV Heiden 2 - SC Hiltrup 1"]
[Site "Verbandsklasse 2019/2020"]
[Date "2019.12.07"]
[Round "4.3"]
[White "Voigt, Stefan"]
[Black "Buchner, Ralf"]
[Result "1/2-1/2"]
[WhiteElo "1733"]
[BlackElo "1684"]
[PlyCount "88"]
[EventDate "2019.??.??"]
[SourceDate "2019.09.20"]

1. e4 g6 2. d4 Bg7 3. c3 d6 4. Nf3 Nd7 5. Bd3 e5 6. O-O Ne7 7. Be3 O-O 8. Re1
h6 9. Na3 a6 10. Qd2 Kh7 11. Qc2 Ng8 12. Rad1 Qe7 13. c4 exd4 14. Bxd4 Ne5 15.
Nxe5 dxe5 16. Bc3 Be6 17. Nb1 h5 18. Nd2 Rad8 19. Nf3 Bg4 20. Be2 Bxf3 21. Bxf3
Qe6 22. b3 Ne7 23. Re3 Nc6 24. Be2 Rxd1+ 25. Qxd1 Rd8 26. Rd3 Rxd3 27. Qxd3 Nd4
28. Bf1 c5 29. Bd2 b6 30. a3 f6 31. b4 Bh6 32. Be3 Qg4 33. Bxh6 Kxh6 34. bxc5
bxc5 35. h3 Qe6 36. Be2 g5 37. Qd1 h4 38. Bd3 Qd7 39. Qb1 Ne6 40. Be2 Kg6 41.
Bg4 Qd6 42. Bf5+ Kh6 43. Bxe6 Qxe6 44. Qd3 Kg6 1/2-1/2

[Event "SV Heiden 2 - SC Hiltrup 1"]
[Site "Verbandsklasse 2019/2020"]
[Date "2019.12.07"]
[Round "4.4"]
[White "Wichert, Michael"]
[Black "Buchholz, Christian"]
[Result "0-1"]
[WhiteElo "1730"]
[BlackElo "1650"]
[PlyCount "124"]
[EventDate "2019.??.??"]
[SourceDate "2019.09.20"]

1. b4 d5 2. Bb2 Nf6 3. Nf3 e6 4. b5 Bd7 5. e3 a6 6. a4 axb5 7. axb5 Rxa1 8.
Bxa1 c5 9. c4 dxc4 10. Bxc4 Bd6 11. O-O O-O 12. d3 b6 13. Qc2 Bc8 14. Rd1 Bb7
15. Nbd2 Nbd7 16. e4 Qc7 17. Re1 e5 18. Qb3 h6 19. Nh4 Nb8 20. f4 Re8 21. f5
Rd8 22. Qd1 Kf8 23. Bc3 Rd7 24. h3 Re7 25. g4 Nbd7 26. Re3 Nh7 27. Rg3 Ndf6 28.
Ndf3 Bxe4 29. g5 Bxf3 30. Nxf3 Nh5 31. Rg4 Nf4 32. gxh6 gxh6 33. Rh4 h5 34. f6
Nxf6 35. Rxf4 exf4 36. Bxf6 Re3 37. Kg2 Qb7 38. Kf2 Qa8 39. Ng5 Rg3 40. Ne4
Rxh3 41. Qg1 Rg3 42. Nxg3 fxg3+ 43. Kf1 Qf3+ 44. Ke1 Qxf6 45. Qg2 Qe5+ 46. Kf1
Qa1+ 47. Ke2 Qb2+ 48. Kf1 Qc1+ 49. Ke2 Qc2+ 50. Kf3 Qxg2+ 51. Kxg2 Ke7 52. Kh3
Kf6 53. Bd5 Kg6 54. Kh4 f5 55. Bf3 Kh6 56. Bd5 f4 57. Be4 Be7+ 58. Kh3 Kg5 59.
Bf3 h4 60. Be4 Kf6 61. Kxh4 Ke5+ 62. Kg4 c4 0-1

[Event "SV Heiden 2 - SC Hiltrup 1"]
[Site "Verbandsklasse 2019/2020"]
[Date "2019.12.07"]
[Round "4.5"]
[White "Haves, Daniel"]
[Black "Blobel, Tobias"]
[Result "1/2-1/2"]
[WhiteElo "1640"]
[BlackElo "1654"]
[PlyCount "64"]
[EventDate "2019.??.??"]
[SourceDate "2019.09.20"]

1. f4 Nc6 2. Nf3 d6 3. e4 Nf6 4. Nc3 e5 5. d3 exf4 6. Bxf4 Be7 7. Be2 Nh5 8.
Be3 O-O 9. Nd5 f5 10. exf5 Bxf5 11. Nxe7+ Qxe7 12. Bg5 Nf6 13. O-O Rae8 14. Re1
h6 15. Bd2 Qd7 16. Bc3 Ng4 17. Nd4 Nxd4 18. Bxd4 c5 19. Bc3 Ne3 20. Qd2 b5 21.
Bf3 Ng4 22. Bd5+ Kh7 23. b4 Nf6 24. Bxf6 Rxf6 25. Rxe8 Qxe8 26. Re1 Qc8 27. c3
Be6 28. Rxe6 Rxe6 29. Bxe6 Qxe6 30. bxc5 dxc5 31. Kf2 a6 32. h3 Qd5 1/2-1/2

[Event "SV Heiden 2 - SC Hiltrup 1"]
[Site "Verbandsklasse 2019/2020"]
[Date "2019.12.07"]
[Round "4.6"]
[White "Sicking, Andreas"]
[Black "Junk, Andreas"]
[Result "0-1"]
[WhiteElo "1587"]
[BlackElo "1728"]
[PlyCount "58"]
[EventDate "2019.??.??"]
[SourceDate "2019.09.20"]

1. e4 c5 2. f4 d6 3. Nf3 g6 4. Be2 Bg7 5. c3 Nf6 6. d3 Nc6 7. O-O a6 8. h3 Qc7
9. Be3 b6 10. Nbd2 Bb7 11. Rc1 O-O 12. Qe1 e6 13. d4 Ne7 14. Bd3 c4 15. Bb1 b5
16. g4 Rad8 17. Qg3 Qd7 18. Rce1 a5 19. h4 h5 20. Nh2 hxg4 21. Nxg4 Nh5 22. Qh3
f5 23. Nf2 Kf7 24. Nh1 Rh8 25. Ng3 Nxg3 26. Qxg3 Bf6 27. Qg2 Rxh4 28. Rf3 Rdh8
29. Rg3 Rh1+ 0-1

[Event "SV Heiden 2 - SC Hiltrup 1"]
[Site "Verbandsklasse 2019/2020"]
[Date "2019.12.07"]
[Round "4.7"]
[White "Vera, Antonio"]
[Black "Spoeler, Gerd"]
[Result "1/2-1/2"]
[WhiteElo "1713"]
[BlackElo "1599"]
[PlyCount "29"]
[EventDate "2019.??.??"]
[SourceDate "2019.09.20"]

1. d4 d5 2. c4 e6 3. Nc3 Nf6 4. Bg5 c6 5. e3 Bb4 6. a3 Bxc3+ 7. bxc3 Qa5 8. Rc1
Ne4 9. Bf4 Qxa3 10. Qc2 Nd7 11. Bd3 Nef6 12. Ne2 h6 13. O-O Nh5 14. c5 Qa5 15.
Bd6 1/2-1/2

[Event "SV Heiden 2 - SC Hiltrup 1"]
[Site "Verbandsklasse 2019/2020"]
[Date "2019.12.07"]
[Round "4.8"]
[White "Skrodzki, Heinz Werner"]
[Black "May, Peter"]
[Result "0-1"]
[WhiteElo "1526"]
[BlackElo "1601"]
[PlyCount "62"]
[EventDate "2019.??.??"]
[SourceDate "2019.09.20"]

1. Nf3 d5 2. g3 Nc6 3. d4 Bg4 4. Bg2 Nf6 5. O-O Qd7 6. Ne5 Qe6 7. Nxg4 Qxg4 8.
Bf4 O-O-O 9. c3 g5 10. Bd2 h5 11. f3 Qf5 12. e4 Qg6 13. e5 Nd7 14. f4 gxf4 15.
Bxf4 e6 16. Qd2 h4 17. Na3 hxg3 18. Bxg3 Bh6 19. Qe2 Rdf8 20. b4 Bg5 21. Nb5
Ne7 22. c4 Nf5 23. Rxf5 Qxf5 24. cxd5 exd5 25. Bxd5 Bh4 26. Rf1 Qg6 27. Qg2 Qd3
28. Bxb7+ Kd8 29. Bxh4+ Rxh4 30. Qg5+ Ke8 31. Qxh4 Rg8+ 0-1

[Event "Indische Dame Münster 1 - SC Klein-Berl"]
[Site "Verbandsklasse 2019/2020"]
[Date "2019.12.07"]
[Round "4.1"]
[White "Van Dijk, Guido"]
[Black "Frie, Michael"]
[Result "1/2-1/2"]
[WhiteElo "1798"]
[BlackElo "1869"]
[PlyCount "82"]
[EventDate "2019.??.??"]
[SourceDate "2019.09.20"]

1. e4 d6 2. d4 c6 3. c4 Qc7 4. Nc3 e5 5. d5 Be7 6. Bd3 Nf6 7. h3 O-O 8. Be3
Nbd7 9. Rc1 Nc5 10. Bb1 Qa5 11. Bd2 Qc7 12. b4 Ncd7 13. Nge2 a5 14. b5 Nc5 15.
Be3 Bd7 16. a4 Rac8 17. O-O Ne8 18. g4 g6 19. Bh6 Ng7 20. f4 f6 21. f5 Qd8 22.
Ng3 cxb5 23. cxb5 Qb6 24. Be3 Qa7 25. h4 Bd8 26. Qf3 Bb6 27. Bxc5 Bxc5+ 28. Kg2
Bb4 29. Nce2 Bc5 30. Rc4 Be3 31. Rxc8 Bxc8 32. fxg6 hxg6 33. h5 gxh5 34. Nxh5
Bg5 35. Neg3 b6 36. Rh1 Qf7 37. Nxg7 Kxg7 38. Nf5+ Bxf5 39. gxf5 Rh8 40. Rxh8
Kxh8 41. Qh3+ Qh7 1/2-1/2

[Event "Indische Dame Münster 1 - SC Klein-Berl"]
[Site "Verbandsklasse 2019/2020"]
[Date "2019.12.07"]
[Round "4.3"]
[White "Hemmert, Michael"]
[Black "Tenberge, Norbert"]
[Result "1/2-1/2"]
[WhiteElo "1775"]
[BlackElo "1809"]
[PlyCount "73"]
[EventDate "2019.??.??"]
[SourceDate "2019.09.20"]

1. d4 d5 2. Bf4 Nf6 3. e3 e6 4. Nf3 c5 5. c3 Be7 6. Nbd2 O-O 7. h3 b6 8. Bd3
Ba6 9. Ne5 Bxd3 10. Nxd3 Nc6 11. Nf3 Ne4 12. Nde5 Qc8 13. Qa4 Nxe5 14. Nxe5 Qb7
15. O-O a5 16. f3 Nd6 17. Qc6 Rac8 18. Qxb7 Nxb7 19. Nd7 Rfd8 20. Nxb6 Rc6 21.
Na4 Rdc8 22. Nxc5 Nxc5 23. dxc5 Bxc5 24. Rfe1 f6 25. Bg3 a4 26. a3 Rb6 27. Re2
Kf7 28. Rd1 Rb5 29. Kf1 Rc6 30. e4 Ba7 31. exd5 exd5 32. Red2 Be3 33. Re2 Bb6
34. Bf4 Rc4 35. Bd6 d4 36. Bb4 dxc3 37. Bxc3 1/2-1/2

[Event "Indische Dame Münster 1 - SC Klein-Berl"]
[Site "Verbandsklasse 2019/2020"]
[Date "2019.12.07"]
[Round "4.4"]
[White "Glotzbach, Thomas"]
[Black "Miethe, Christoph"]
[Result "1/2-1/2"]
[WhiteElo "1777"]
[BlackElo "1771"]
[PlyCount "86"]
[EventDate "2019.??.??"]
[SourceDate "2019.09.20"]

1. e4 e5 2. Nf3 d6 3. Bc4 Be7 4. c3 Nf6 5. d3 O-O 6. h3 c6 7. Bb3 Qc7 8. O-O
Nbd7 9. Be3 d5 10. exd5 cxd5 11. Re1 Bd6 12. Bc2 h6 13. Qc1 Kh7 14. g4 g5 15.
Nbd2 b6 16. Nf1 Bb7 17. d4+ e4 18. N3h2 Bxh2+ 19. Nxh2 Kh8 20. Bd1 Nh7 21. Nf1
f5 22. gxf5 Rxf5 23. Bg4 Rff8 24. Ng3 Ndf6 25. Be2 Bc8 26. Kg2 Be6 27. Rh1 Qd7
28. h4 Bg4 29. Qd1 Bf3+ 30. Bxf3 exf3+ 31. Qxf3 Ng4 32. Qe2 Rae8 33. Qd2 Nxe3+
34. fxe3 Qg4 35. Qd1 Qxd1 36. Raxd1 g4 37. Rhf1 Rxe3 38. Rxf8+ Nxf8 39. Rf1 Ng6
40. Nf5 Re2+ 41. Kg3 h5 42. Rf2 Rxf2 43. Kxf2 Kh7 1/2-1/2

[Event "Indische Dame Münster 1 - SC Klein-Berl"]
[Site "Verbandsklasse 2019/2020"]
[Date "2019.12.07"]
[Round "4.5"]
[White "Horstmann, Michael"]
[Black "Wichmann, Norbert"]
[Result "1/2-1/2"]
[WhiteElo "1685"]
[BlackElo "1750"]
[PlyCount "99"]
[EventDate "2019.??.??"]
[SourceDate "2019.09.20"]

1. c4 Nf6 2. Nc3 g6 3. g3 e5 4. Bg2 Bg7 5. Nf3 Nc6 6. O-O O-O 7. d3 d6 8. Rb1
Bf5 9. b4 Rb8 10. Bg5 h6 11. Bxf6 Bxf6 12. Nd5 Bg7 13. Nd2 Bd7 14. b5 Nd4 15.
a4 f5 16. Nb3 Ne6 17. Qc2 c6 18. Nc3 Qf6 19. Na5 Nd4 20. Qa2 Qd8 21. Nb3 Kh7
22. e3 Ne6 23. Qa3 e4 24. d4 c5 25. Ne2 b6 26. Rbd1 Qe7 27. Qc1 a6 28. Qd2 axb5
29. axb5 Rfd8 30. Ra1 d5 31. cxd5 Ng5 32. Ra7 c4 33. Na1 Qd6 34. Nc3 Ra8 35.
Qa2 Rxa7 36. Qxa7 Qb4 37. Qxb6 Nf7 38. Ne2 g5 39. Qc5 Qd2 40. Qe7 Be8 41. Nc1
Qb2 42. Qa7 Bf8 43. g4 Rd7 44. Qa6 Re7 45. gxf5 Bxb5 46. Qg6+ Kh8 47. Qf6+ Kg8
48. Qg6+ Kh8 49. Qf6+ Kg8 50. Qg6+ 1/2-1/2

[Event "Indische Dame Münster 1 - SC Klein-Berl"]
[Site "Verbandsklasse 2019/2020"]
[Date "2019.12.07"]
[Round "4.6"]
[White "Overesch, Dieter"]
[Black "Brinkmann, Franz Josef"]
[Result "1/2-1/2"]
[WhiteElo "1734"]
[BlackElo "1737"]
[PlyCount "80"]
[EventDate "2019.??.??"]
[SourceDate "2019.09.20"]

1. d4 d5 2. Nf3 Nf6 3. Bf4 e6 4. e3 c5 5. c3 Nc6 6. Nbd2 a6 7. Bd3 c4 8. Bc2 b5
9. Ne5 Bb7 10. Qe2 Nxe5 11. dxe5 Ne4 12. Nf3 h6 13. Nd4 g5 14. Bg3 Bg7 15. Qh5
Qe7 16. O-O O-O-O 17. Bxe4 dxe4 18. a4 bxa4 19. Rxa4 Rd5 20. Rxc4+ Kb8 21. Rb4
Ka8 22. Qd1 Bxe5 23. Bxe5 Rxe5 24. Qb3 Rc5 25. Rd1 Rd8 26. Rc1 e5 27. Nf5 Qd7
28. Ng3 Rb5 29. h3 Qd2 30. Rf1 Qd3 31. Ra1 Rxb4 32. Qxb4 Qd6 33. Qa4 Ka7 34.
Qb3 Qb6 35. Qxb6+ Kxb6 36. Ra4 Rd1+ 37. Kh2 Rd2 38. Kg1 Rd1+ 39. Kh2 Rd2 40.
Kg1 Rd1+ 1/2-1/2

[Event "Indische Dame Münster 1 - SC Klein-Berl"]
[Site "Verbandsklasse 2019/2020"]
[Date "2019.12.07"]
[Round "4.7"]
[White "Pohlmeier, Ulrich"]
[Black "Ter Veen, Michael"]
[Result "1-0"]
[WhiteElo "1589"]
[BlackElo "1658"]
[PlyCount "79"]
[EventDate "2019.??.??"]
[SourceDate "2019.09.20"]

1. d4 d5 2. c4 e6 3. g3 Nf6 4. Bg2 c6 5. Qc2 Nbd7 6. Nf3 Bd6 7. O-O O-O 8. Nbd2
Re8 9. e4 Nxe4 10. Nxe4 dxe4 11. Qxe4 Nf6 12. Qc2 h6 13. b3 Bd7 14. Bb2 Rc8 15.
Rad1 Qa5 16. Ne5 Red8 17. f4 Ne8 18. Bh3 Ba3 19. Bxa3 Qxa3 20. f5 Qe7 21. fxe6
Bxe6 22. Bxe6 Qxe6 23. Rxf7 c5 24. Rdf1 Nd6 25. R1f6 Qe8 26. Qg6 Nxf7 27. Rxf7
Qxf7 28. Qxf7+ Kh8 29. d5 Re8 30. Qxb7 Rb8 31. Qxa7 Ra8 32. Qb7 Rxa2 33. Ng6+
Kh7 34. Ne7 Rf8 35. d6 Rff2 36. Qe4+ Kh8 37. Qe6 Rg2+ 38. Kf1 Rgf2+ 39. Ke1 Rf8
40. Ng6+ 1-0

[Event "Indische Dame Münster 1 - SC Klein-Berl"]
[Site "Verbandsklasse 2019/2020"]
[Date "2019.12.07"]
[Round "4.8"]
[White "Dittberner, Markus"]
[Black "Engfer, Klaus"]
[Result "1/2-1/2"]
[WhiteElo "1577"]
[BlackElo "1570"]
[PlyCount "34"]
[EventDate "2019.??.??"]
[SourceDate "2019.09.20"]

1. e4 e5 2. Nf3 d6 3. d4 exd4 4. Nxd4 Nf6 5. Nc3 Be7 6. Be2 c5 7. Nb3 O-O 8.
O-O Nc6 9. f4 h6 10. Be3 a6 11. a4 Be6 12. Bf3 Bxb3 13. cxb3 Qb6 14. Kh1 Rad8
15. Qc2 Nb4 16. Qd2 Rfe8 17. Rad1 Bf8 1/2-1/2

[Event "SK Dülmen 2 - SF Reckenfeld 1"]
[Site "Verbandsklasse 2019/2020"]
[Date "2019.12.07"]
[Round "4.1"]
[White "Boerger, Andreas"]
[Black "Stegemann, Norbert"]
[Result "1/2-1/2"]
[WhiteElo "1733"]
[BlackElo "1871"]
[PlyCount "87"]
[EventDate "2019.??.??"]
[SourceDate "2019.09.20"]

1. e4 c6 2. Nc3 d5 3. Nf3 dxe4 4. Nxe4 Nf6 5. Nxf6+ exf6 6. d4 Bd6 7. Be2 O-O
8. O-O Bg4 9. c3 Re8 10. Be3 Nd7 11. h3 Bh5 12. Qc2 Nf8 13. Rad1 Qc7 14. Rfe1
Rad8 15. Nh4 Bxe2 16. Rxe2 g6 17. Rde1 Re6 18. Bh6 Rde8 19. Bxf8 Bxf8 20. Rxe6
Rxe6 21. Rxe6 fxe6 22. Qe2 Kf7 23. Qe3 Qa5 24. a3 Qb5 25. Qd2 Qb3 26. Qc1 b5
27. Nf3 Bd6 28. Nd2 Qd5 29. Qc2 Bf4 30. Kf1 a5 31. Ne4 a4 32. f3 f5 33. Nf2 Bd6
34. Nd3 e5 35. dxe5 Bxe5 36. Nxe5+ Qxe5 37. Qd3 Qe6 38. Qd4 h5 39. Kf2 Ke7 40.
Qa7+ Kf6 41. Qd4+ Ke7 42. Qa7+ Kf6 43. Qd4+ Ke7 44. Qa7+ 1/2-1/2

[Event "SK Dülmen 2 - SF Reckenfeld 1"]
[Site "Verbandsklasse 2019/2020"]
[Date "2019.12.07"]
[Round "4.2"]
[White "Gehlen, Horst"]
[Black "Holtmannspoetter, Michael"]
[Result "1/2-1/2"]
[WhiteElo "1737"]
[BlackElo "1602"]
[PlyCount "41"]
[EventDate "2019.??.??"]
[SourceDate "2019.09.20"]

1. e4 c5 2. Nc3 Nc6 3. f4 g6 4. Bb5 Bg7 5. Nf3 e6 6. O-O Nge7 7. Bxc6 Nxc6 8.
d3 d6 9. Be3 O-O 10. e5 b6 11. d4 cxd4 12. Nxd4 Nxd4 13. Bxd4 Ba6 14. Re1 d5
15. Qg4 Rc8 16. a4 Rc4 17. Rad1 Qc7 18. Re3 Qe7 19. b3 Rc6 20. Rh3 Rfc8 21. f5
1/2-1/2

[Event "SK Dülmen 2 - SF Reckenfeld 1"]
[Site "Verbandsklasse 2019/2020"]
[Date "2019.12.07"]
[Round "4.3"]
[White "Lachmuth, Mathias"]
[Black "Stein, Michael"]
[Result "1/2-1/2"]
[WhiteElo "1656"]
[BlackElo "1688"]
[PlyCount "38"]
[EventDate "2019.??.??"]
[SourceDate "2019.09.20"]

1. Nf3 Nf6 2. b3 g6 3. Bb2 d5 4. e3 Bg7 5. Be2 O-O 6. O-O c5 7. d4 cxd4 8. exd4
Nc6 9. c4 dxc4 10. bxc4 Qb6 11. Qb3 Qc7 12. Nbd2 Bg4 13. h3 Bxf3 14. Nxf3 Rac8
15. Rac1 Rfd8 16. d5 Na5 17. Qb4 Ne8 18. Bxg7 Nxg7 19. Nd4 Qc5 1/2-1/2

[Event "SK Dülmen 2 - SF Reckenfeld 1"]
[Site "Verbandsklasse 2019/2020"]
[Date "2019.12.07"]
[Round "4.4"]
[White "Lober, Sascha"]
[Black "Merschkoetter, Peter"]
[Result "1-0"]
[WhiteElo "1641"]
[BlackElo "1643"]
[PlyCount "101"]
[EventDate "2019.??.??"]
[SourceDate "2019.09.20"]

1. Nc3 e5 2. Nf3 Nc6 3. d4 exd4 4. Nxd4 Bb4 5. Qd3 Nge7 6. Bf4 Nd5 7. Bg3 Qf6
8. Ndb5 Bxc3+ 9. bxc3 a6 10. Nxc7+ Nxc7 11. Bxc7 O-O 12. Rd1 Re8 13. e3 d5 14.
Be2 Be6 15. O-O Rec8 16. Bb6 Ne5 17. Qd4 Nd7 18. Qxf6 Nxf6 19. c4 dxc4 20. Bf3
Bg4 21. Bxb7 Bxd1 22. Rxd1 Kf8 23. Bxa8 Rxa8 24. Rd8+ Rxd8 25. Bxd8 Nd5 26. Ba5
Ke7 27. Kf1 Ke6 28. Ke2 f5 29. f3 Ke5 30. Kd2 g6 31. Bc3+ Ke6 32. e4 fxe4 33.
fxe4 Nc7 34. a4 Kd6 35. Ke3 Ne6 36. g4 Kc5 37. h4 Kd6 38. h5 Kc5 39. hxg6 hxg6
40. Ba5 Kd6 41. Bb4+ Ke5 42. Be7 Nc7 43. g5 Ne6 44. c3 a5 45. Kf3 Nf4 46. Bd6+
Kxd6 47. Kxf4 Ke6 48. e5 Kd5 49. e6 Kxe6 50. Ke4 Kd6 51. Kd4 1-0

[Event "SK Dülmen 2 - SF Reckenfeld 1"]
[Site "Verbandsklasse 2019/2020"]
[Date "2019.12.07"]
[Round "4.5"]
[White "Hokamp, Sascha"]
[Black "Wilms, Gerwin"]
[Result "1-0"]
[WhiteElo "1855"]
[BlackElo "1616"]
[PlyCount "119"]
[EventDate "2019.??.??"]
[SourceDate "2019.09.20"]

1. d4 d5 2. Nf3 e6 3. Bf4 Bd6 4. Qd2 Nf6 5. Nc3 c6 6. e3 Qc7 7. Bd3 Nbd7 8.
Bxd6 Qxd6 9. O-O-O e5 10. dxe5 Nxe5 11. Nxe5 Qxe5 12. e4 d4 13. Ne2 c5 14. c3
Bd7 15. cxd4 cxd4 16. f3 Rc8+ 17. Kb1 O-O 18. Qb4 Rc7 19. Qxd4 Qxd4 20. Nxd4
Rfc8 21. g4 a6 22. Ne2 Be8 23. Nf4 Bc6 24. Rc1 Nd7 25. Rc3 Ne5 26. Bc2 g6 27.
h3 Kg7 28. Ne2 Bd7 29. Rd1 Rxc3 30. Nxc3 Be6 31. f4 Nc6 32. f5 Bc4 33. Rd7 Bf1
34. Rxb7 Bxh3 35. g5 gxf5 36. exf5 Nd4 37. f6+ Kg8 38. Bd3 Bf5 39. Bxf5 Nxf5
40. Ra7 h6 41. gxh6 Nxh6 42. Rxa6 Rd8 43. Ra5 Rd6 44. Rg5+ Kh8 45. Nd5 Kh7 46.
Kc2 Ng8 47. Rf5 Kg6 48. Ne7+ Nxe7 49. fxe7 Re6 50. Rf2 f5 51. Kd3 Rxe7 52. b4
Re4 53. Rb2 Kg5 54. b5 Re7 55. b6 Rb7 56. a4 f4 57. a5 f3 58. Ke3 Kg4 59. Kf2
Rh7 60. Rb4+ 1-0

[Event "SK Dülmen 2 - SF Reckenfeld 1"]
[Site "Verbandsklasse 2019/2020"]
[Date "2019.12.07"]
[Round "4.6"]
[White "Bienhuels, Michael"]
[Black "Roewekamp, Andre"]
[Result "1-0"]
[WhiteElo "1658"]
[BlackElo "1622"]
[PlyCount "109"]
[EventDate "2019.??.??"]
[SourceDate "2019.09.20"]

1. e4 e5 2. f4 exf4 3. Nf3 Nc6 4. Bc4 d6 5. O-O Ne5 6. Be2 Nf6 7. d4 Ng6 8. Nc3
Be7 9. Bd2 O-O 10. Kh1 c6 11. Qc1 Bg4 12. Bxf4 Qd7 13. Be3 Rae8 14. h3 Bxh3 15.
gxh3 Qxh3+ 16. Nh2 Bd8 17. Rf3 Qe6 18. Bd3 Ba5 19. Bg5 Ng4 20. Qg1 Nxh2 21.
Qxh2 Bd8 22. Bxd8 Rxd8 23. Raf1 h6 24. a3 Rd7 25. Qh3 Qxh3+ 26. Rxh3 Re7 27.
Ne2 Rfe8 28. Nf4 Nf8 29. Rg1 Kh8 30. c3 a6 31. Kg2 f6 32. Kf2 d5 33. exd5 cxd5
34. Nxd5 Rd7 35. Ne3 Rc7 36. Nf5 Rd8 37. Nxh6 gxh6 38. Rxh6+ Nh7 39. Rgh1 Rdd7
40. Rxh7+ Rxh7 41. Rxh7+ Rxh7 42. Bxh7 Kxh7 43. Kf3 f5 44. Kf4 Kg6 45. c4 Kf6
46. b4 b5 47. cxb5 axb5 48. d5 Ke7 49. Kxf5 Kd6 50. Ke4 Kd7 51. Ke5 Ke7 52. d6+
Kd7 53. Kd5 Kd8 54. Kc6 Kc8 55. Kxb5 1-0

[Event "SK Dülmen 2 - SF Reckenfeld 1"]
[Site "Verbandsklasse 2019/2020"]
[Date "2019.12.07"]
[Round "4.7"]
[White "Roewekamp, Helmut"]
[Black "Hoffmann, Klaus Peter"]
[Result "1-0"]
[WhiteElo "1590"]
[BlackElo "1522"]
[PlyCount "78"]
[EventDate "2019.??.??"]
[SourceDate "2019.09.20"]

1. e4 c6 2. d4 d5 3. e5 Bf5 4. Bd3 Bxd3 5. Qxd3 e6 6. Nf3 c5 7. c3 Nc6 8. b3
cxd4 9. cxd4 Bb4+ 10. Bd2 Bxd2+ 11. Nbxd2 Nge7 12. Rd1 Nf5 13. Nf1 Qa5+ 14. Qd2
Qxd2+ 15. Rxd2 f6 16. Ng3 Nxg3 17. hxg3 fxe5 18. dxe5 h6 19. Ke2 Rc8 20. Rc1
Kd7 21. Rdc2 Ne7 22. Nd4 Rxc2+ 23. Rxc2 Rc8 24. Rxc8 Nxc8 25. f4 Ne7 26. g4 g6
27. g3 a6 28. a3 Nc6 29. Nf3 Ne7 30. b4 Nc6 31. Kd3 Kc7 32. Kc3 Kd7 33. Nd2 Kc7
34. Nb3 b6 35. Nd2 Kd7 36. Nf3 Ne7 37. Nd4 b5 38. Nb3 Nc6 39. Nc5+ Ke7 1-0

[Event "SK Dülmen 2 - SF Reckenfeld 1"]
[Site "Verbandsklasse 2019/2020"]
[Date "2019.12.07"]
[Round "4.8"]
[White "Lindemann, Heinrich"]
[Black "Richter, Michael"]
[Result "1/2-1/2"]
[WhiteElo "1682"]
[BlackElo "1620"]
[PlyCount "125"]
[EventDate "2019.??.??"]
[SourceDate "2019.09.20"]

1. e4 c5 2. Nf3 d6 3. d4 cxd4 4. Nxd4 Nf6 5. Nc3 a6 6. Bg5 Nbd7 7. Be2 g6 8.
Qd2 Bg7 9. Bh6 O-O 10. Bxg7 Kxg7 11. g4 Nc5 12. f3 e5 13. Nb3 Qc7 14. h4 h5 15.
Nd5 Nxd5 16. exd5 hxg4 17. Nxc5 Qxc5 18. fxg4 Rh8 19. O-O-O Bd7 20. h5 f6 21.
hxg6 Kxg6 22. Bd3+ Kg7 23. Bf5 Bb5 24. g5 Qd4 25. gxf6+ Kxf6 26. Bd3 Bxd3 27.
cxd3 Qxd5 28. Rdf1+ Ke6 29. Qf2 Qc5+ 30. Qxc5 dxc5 31. Kc2 Rxh1 32. Rxh1 b5 33.
Rh6+ Kd5 34. Kc3 a5 35. Rh7 b4+ 36. Kd2 a4 37. Rd7+ Ke6 38. Rc7 Kd6 39. Rb7 a3
40. b3 Rd8 41. Rg7 Kd5 42. Ke3 Rh8 43. Rg2 Rh3+ 44. Kd2 Rf3 45. Re2 Rf1 46. Ke3
Rb1 47. Kd2 Rb2+ 48. Ke3 Ke6 49. Rf2 Kd5 50. Re2 Rxe2+ 51. Kxe2 Kd4 52. Kd2 e4
53. dxe4 Kxe4 54. Kc2 Ke3 55. Kc1 Kd3 56. Kb1 Kc3 57. Ka1 c4 58. bxc4 Kxc4 59.
Kb1 Kc3 60. Ka1 b3 61. axb3 Kxb3 62. Kb1 a2+ 63. Ka1 1/2-1/2

[Event "SV Heiden 1 - SK Ochtrup 1"]
[Site "Verbandsklasse 2019/2020"]
[Date "2019.12.07"]
[Round "4.1"]
[White "Jacob, Helmut"]
[Black "Wienen, Hermann"]
[Result "1/2-1/2"]
[WhiteElo "2021"]
[BlackElo "1943"]
[PlyCount "211"]
[EventDate "2019.??.??"]
[SourceDate "2019.09.20"]

1. e4 e5 2. Nf3 Nc6 3. Nc3 Nf6 4. d4 exd4 5. Nxd4 Be7 6. Be2 Nxd4 7. Qxd4 d6 8.
O-O O-O 9. Bf4 Be6 10. Rad1 Nd7 11. Nd5 Bf6 12. Nxf6+ Qxf6 13. Qxf6 Nxf6 14.
Rd4 Rfe8 15. c4 Bd7 16. f3 Bc6 17. Bd3 Nd7 18. Bb1 Nc5 19. Rd2 a5 20. b3 f6 21.
Rfd1 b6 22. Bc2 Ne6 23. Bg3 Nc5 24. h4 Nd7 25. a3 Ne5 26. a4 Bb7 27. Bf2 Nc6
28. Re1 Re7 29. Bg3 Rae8 30. Rf1 Nb4 31. Bd1 Nc6 32. Bf4 h6 33. g4 g5 34. Bg3
Rg7 35. Rh2 Ree7 36. Kf2 Rh7 37. Rfh1 Nd4 38. Ke3 Ne6 39. Bc2 Nf8 40. Kd2 Rhg7
41. hxg5 hxg5 42. Rh8+ Kf7 43. Bf2 Ng6 44. Rb8 Bc6 45. Bd4 Re8 46. Rxe8 Bxe8
47. Rh6 Rg8 48. Ke3 Rh8 49. Rxh8 Nxh8 50. f4 gxf4+ 51. Kxf4 Ng6+ 52. Kg3 Bd7
53. Be3 Nf8 54. g5 fxg5 55. Bxg5 Ne6 56. Bh4 Bc6 57. Bb1 Ke8 58. Bc2 Nd4 59.
Bd1 Bxe4 60. Bf6 Ne6 61. Kf2 Kd7 62. Ke3 Bf5 63. Kd2 Nc5 64. Bh4 Kc6 65. Kc3
Na6 66. Bf3+ Kd7 67. Bf2 Nb4 68. Be3 Be6 69. Bg1 c5 70. Bh2 d5 71. cxd5 Bxd5
72. Be2 Bc6 73. Bg4+ Ke7 74. Be5 Nd5+ 75. Kb2 Ne3 76. Be2 Kd7 77. Bf4 Nd5 78.
Bg4+ Kd8 79. Bg5+ Kc7 80. Be6 Nb4 81. Bf4+ Kb7 82. Bc4 Bd5 83. Be2 Nc6 84. Bg5
Nd4 85. Bd1 Kc6 86. Bd8 Nf5 87. Bh5 Nd6 88. Be7 Nf5 89. Bd8 Nd4 90. Bd1 Bf3 91.
Bc2 Ne6 92. Bf6 Nc7 93. Bd8 Nd5 94. Bd3 Kd7 95. Bg5 Nb4 96. Bf5+ Kd6 97. Bd8
Nd5 98. Bd3 Kd7 99. Bg5 Nb4 100. Bf5+ Kc6 101. Bd8 Bd5 102. Bg6 c4 103. Be8+
Kc5 104. Be7+ Kd4 105. Bf6+ Kd3 106. Bg6+ 1/2-1/2